000 00526nam a2200181Ia 4500
999 _c34553
_d34553
003 OSt
005 20200824111633.0
008 190216s9999||||xx |||||||||||||| ||und||
020 _a9788120340701
040 _coclc
082 _a530.41
_bKUM/I
100 _aKumar, Arun
_94301
245 0 _aIntroduction To Solid State Physics /
_cArun Kumar
260 _bPhi Learning Private Limited,
_c2010.
_aNew Delhi:
300 _a492p
650 _aPhysics
942 _cBK
_2ddc
_h530.41
_iKUM/I
_k530.41
_mKUM/I